| 000 | 00746nam a22002057a 4500 | ||
|---|---|---|---|
| 999 |
_c20092 _d20092 |
||
| 003 | AR-CdUCM | ||
| 008 | 190525b ||||| |||| 00| 0 spa d | ||
| 040 |
_aMUNICIPALIDAD PROVINCIAL DEL CUSCO _cBIBLIOTECA MUNICIPAL DEL CUSCO |
||
| 082 |
_a631.1 _bS55 |
||
| 100 |
_aSilva Lezama, Antonio _942038 |
||
| 245 |
_aGranja : _bArboricultura Frutales Industrialización de los productos de la granja / |
||
| 260 |
_aBuenos Aires : _bHobby, _c1971. |
||
| 300 |
_a330 páginas _c27 cm. _bIlustraciones |
||
| 505 | _aContenido: T.2 -- Cultivo de arboles -- Multiplicación de los arboles -- Arboricultura Frutal... | ||
| 650 |
_aInjertos _928138 |
||
| 650 |
_aPlantas _919530 |
||
| 650 |
_aFrutales _942039 |
||
| 942 |
_2ddc _cLIBROS |
||
| 945 | _aJavier | ||